Habermas y la modernidad / (Record no. 88804)

MARC details
000 -LEADER
campo de control de longitud fija 00781nam a2200253 i 4500
001 - NÚMERO DE CONTROL
campo de control 88804
003 - IDENTIFICADOR DE NÚMERO DE CONTROL
campo de control ES-MaACL
005 - FECHA Y HORA DE LA ÚLTIMA TRANSACCIÓN
campo de control 20230906175935.0
007 - CAMPO FIJO DE DESCRIPCIÓN FÍSICA--INFORMACIÓN GENERAL
campo de control de longitud fija t|
008 - DATOS DE LONGITUD FIJA--INFORMACIÓN GENERAL
campo de control de longitud fija 041213s1988 sp ||||1| spa d
020 ## - NÚMERO INTERNACIONAL ESTÁNDAR DEL LIBRO
Número Internacional Estándar del Libro 84-376-0746-9
080 ## - NÚMERO DE LA CLASIFICACIÓN DECIMAL UNIVERSAL
Número de la Clasificación Decimal Universal 316.2 Harbermas, Jürgen
080 ## - NÚMERO DE LA CLASIFICACIÓN DECIMAL UNIVERSAL
Número de la Clasificación Decimal Universal 1 Habermas, Jürgen
245 00 - MENCIÓN DEL TÍTULO
Título Habermas y la modernidad /
Mención de responsabilidad, etc. Anthony Guiddens ... [et al.] ; introducción de Richard J. Bernstein.
260 ## - PUBLICACIÓN, DISTRIBUCIÓN, ETC.
Lugar de publicación, distribución, etc. Madrid :
Nombre del editor, distribuidor, etc. Cátedra,
Fecha de publicación, distribución, etc. [1988]
300 ## - DESCRIPCIÓN FÍSICA
Extensión 346 p. ;
Dimensiones 19 cm.
490 1# - MENCIÓN DE SERIE
Mención de serie Teorema. Serie menor
600 14 - PUNTO DE ACCESO ADICIONAL DE MATERIA--NOMBRE DE PERSONA
Nombre de persona Habermas, Jürgen.
9 (RLIN) 61376
700 1# - ENTRADA AGREGADA--NOMBRE PERSONAL
Nombre de persona Guiddens, Anthony.
9 (RLIN) 60654
700 1# - ENTRADA AGREGADA--NOMBRE PERSONAL
Nombre de persona Bernstein, Richard J.
9 (RLIN) 28362
830 0# - PUNTO DE ACCESO ADICIONAL DE SERIE-TÍTULO UNIFORME
Título uniforme Teorema. Serie menor
9 (RLIN) 184078
852 ## - LOCALIZACIÓN
Ubicación ES-MaACL
Número de control de estantería E-10627
Sublocalización o colección R.134753
Holdings
Estatus retirado Estado de pérdida Estado de daño No para préstamo Biblioteca de origen Biblioteca actual Ubicación en estantería Fecha de adquisición Fuente de adquisición Total de préstamos Signatura topográfica completa Código de barras Visto por última vez Precio de reemplazo Tipo de ítem Koha
        Biblioteca del Ateneo de Madrid Biblioteca del Ateneo de Madrid Depósito 2 17/01/2008     E-10627 1092755 23/02/2023 23/02/2023 Libro impreso